| 000 | 00895nam a22002297a 4500 | ||
|---|---|---|---|
| 999 |
_c20973 _d20973 |
||
| 003 | AR-CdUCM | ||
| 008 | 190626b fr ||||| |||| 00| 0 spa d | ||
| 040 |
_aMUNICIPALIDAD PROVINCIAL DEL CUSCO _cBIBLIOTECA MUNICIPAL DEL CUSCO |
||
| 041 | _hlat | ||
| 082 |
_a341 / _bB94 / 1838 |
||
| 100 |
_aBurlamaqui _943762 |
||
| 245 | _aElementos del derecho natural / | ||
| 260 |
_aParis : _bLibrería de Lecointe y Lasserre, _c1838. |
||
| 300 |
_a252 páginas ; _c14 cm. |
||
| 500 | _aTraducido del Latín al Francés y al Español. | ||
| 505 | _at.1 : De la naturaleza del hombre considerado con respecto al derecho -- De los diferentes estados del hombre -- De la regla primitiva de las acciones humanas, o del derecho en general... | ||
| 650 |
_aDerecho _9739 |
||
| 650 |
_aDerecho natural _91768 |
||
| 700 |
_aD. M. B. García Guelto (traductor) _943763 |
||
| 942 |
_2ddc _cLIBROS |
||
| 945 | _azyv | ||